[Event "39th Citta Arco Open 2017"]
[Site "Arco"]
[Date "2017.10.13"]
[Round "7.1"]
[White "Gaprindashvili, Valeriane"]
[Black "Petrov, Nikita"]
[Result "1/2-1/2"]
[WhiteElo "2352"]
[BlackElo "2564"]
[Annotator "TA"]
[PlyCount "28"]
[EventDate "2017.??.??"]
[EventType "swiss"]
[EventCountry "ITA"]
[SourceTitle "playchess.com"]
[Source "ChessBase"]
[SourceQuality "1"]

{[%evp 20,21,0,0]} 1. d4 d5 2. c4 c6 3. cxd5 cxd5 4. Nc3 Nf6 5. Bf4 Nc6 6. e3 Bf5 7. Bd3 Bxd3 8. Qxd3 e6 9. Nf3 Bd6 10. Bxd6 Qxd6 11. O-O {LiveBook: 1688 Games} {Predecessor:} O-O $146 12. Rfc1 Rac8 13. Ne2 Ne4 14. Qd1 h6 {½-½ (14) Jobava,B (2714)-Saric,I (2621) Helsingor 2017} 1/2-1/2

[Event "39th Citta Arco Open 2017"]
[Site "Arco"]
[Date "2017.10.13"]
[Round "7.3"]
[White "Horvath, Csaba"]
[Black "Okhotnik, Vladimir"]
[Result "1/2-1/2"]
[WhiteElo "2507"]
[BlackElo "2432"]
[Annotator "TA"]
[PlyCount "86"]
[EventDate "2017.??.??"]
[EventType "swiss"]
[EventCountry "ITA"]
[SourceTitle "playchess.com"]
[Source "ChessBase"]
[SourceQuality "1"]

{[%evp 18,86,50,43,54,46,49,21,55,48,54,33,43,0,25,10,100,77,130,140,192,177,192,171,265,277,269,271,260,213,192,218,210,195,183,178,223,192,186,166,160,153,198,194,176,187,175,0,110,0,218,161,210,179,174,187,190,179,179,183,179,180,179,100,96,97,97,44,56,36,41]} 1. d4 d6 2. Nf3 Nf6 3. g3 g6 4. Bg2 Bg7 5. O-O O-O 6. b3 Bf5 7. Bb2 c6 8. Nbd2 Ne4 {A49: Königsindisch (ohne c2-c4)} (8... Qc8 9. Re1 Bh3 10. e4 Bxg2 11. Kxg2 Nh5 12. e5 dxe5 13. dxe5 Na6 14. Qe2 Qg4 15. Qe4 Qxe4 16. Nxe4 {1-0 (43) Fressinet,L (2660)-Nevednichy,V (2548) Nancy 2017}) 9. Nh4 Nxd2 10. Qxd2 {LiveBook: 4 Partien} Bd7 11. c4 a5 12. e4 Qc8 13. f4 {[%cal Bf2f4,Bf4f5][%mdl 32]} Bh3 14. f5 Bxg2 15. Qxg2 Nd7 $146 ({Vorgänger:} 15... a4 16. e5 axb3 17. axb3 Rxa1 18. Bxa1 dxe5 19. dxe5 {½-½ (42) Dreyer,K-Durao,J Dublin 1957}) 16. Rae1 Qc7 (16... a4 $11) 17. Nf3 a4 ({Günstiger ist} 17... h6) 18. Qh3 $1 $16 {Und weiter mit Sg5 wäre nett.} gxf5 {[#]} (18... Qa5 $16 {kämpft weiter.}) 19. Nh4 $1 $18 ({Lieber nicht} 19. exf5 Nf6 $11) ({Schwächer ist} 19. Qxf5 e6 $11) 19... e6 {zielt auf ...fxe4 ab.} 20. exf5 axb3 (20... Rae8 {war nötig.}) 21. fxe6 fxe6 22. Qxe6+ ({Und nicht} 22. axb3 Rxf1+ 23. Rxf1 Nf8 $11) 22... Kh8 23. axb3 Rxf1+ 24. Rxf1 Nf8 25. Qe3 Qd7 26. Nf5 d5 27. cxd5 cxd5 28. Qg5 Ne6 29. Qg4 Bf6 30. Nh6 Bg7 31. Nf7+ Kg8 32. Nh6+ (32. Ne5 $18 Qc8 33. Rf7) 32... Kh8 $16 33. Nf7+ (33. Qh5 $16) 33... Kg8 $18 34. Ng5 Re8 35. Qh3 {[%csl Gg5][%cal Rh3h7]} h6 {[#]} 36. Nf7 $1 $40 {[%mdl 128] Schwarz ist in Schwierigkeiten.} Rf8 37. Nxh6+ Bxh6 38. Qxh6 Rxf1+ 39. Kxf1 Qf7+ 40. Kg2 (40. Ke1 $18) 40... Qf5 $16 {Und ...Sg5 würde nun gewinnen.} 41. Qe3 {Droht stark h4.} Qc2+ 42. Kg1 (42. Kf1 $16 Ng7 43. Bc3) 42... Qb1+ $1 $14 43. Bc1 Nxd4 $1 {Precision: Weiß = 38%, Schwarz = 53%.} 1/2-1/2

[Event "39th Citta Arco Open 2017"]
[Site "Arco"]
[Date "2017.10.13"]
[Round "7.4"]
[White "Nazarenus, Moritz"]
[Black "Romanishin, Oleg M"]
[Result "1/2-1/2"]
[WhiteElo "2241"]
[BlackElo "2463"]
[Annotator "TA"]
[PlyCount "48"]
[EventDate "2017.??.??"]
[EventType "swiss"]
[EventCountry "ITA"]
[SourceTitle "playchess.com"]
[Source "ChessBase"]
[SourceQuality "1"]

{[%evp 14,48,77,77,92,71,73,60,73,10,67,14,9,2,0,-60,-8,-87,-96,-117,-74,-74,-36,-54,-8,-27,-14,-116,0,0,11,0,43,-103,-93,-101,-25]} 1. d4 Nf6 2. c4 e6 3. Nf3 b6 4. a3 Bb7 5. Nc3 g6 6. Qc2 Bxf3 7. exf3 Bg7 {E12: Queen's Indian: Unusual White 4th moves, 4 a3, 4 Nc3 Bb7 5 a3 and 4 Nc3 Bb7} 8. Be3 {LiveBook: 11 Games} c6 9. O-O-O d5 {White is better.} 10. Kb1 $146 ({Predecessor:} 10. g4 Nbd7 11. h4 h5 12. cxd5 Nxd5 13. Bg5 Bh6 14. Ne4 hxg4 15. Ba6 {½-½ (55) Bator,R (2403)-Nikolic,P (2652) Panormo 2001}) 10... Nbd7 11. Be2 (11. cxd5 $16 Nxd5 12. Ba6) 11... O-O (11... dxc4 $11 12. Bxc4 O-O) 12. h4 (12. cxd5 $1 $14 Nxd5 13. Nxd5 cxd5 14. Ba6) 12... dxc4 $11 13. Bxc4 b5 14. Bb3 (14. Be2 $11) 14... b4 (14... a5 $15) 15. Ne4 (15. axb4 $11 {keeps the balance.} Qe7 16. b5 cxb5 17. d5 (17. Nxb5 Rfc8 $11)) 15... bxa3 $17 16. bxa3 Qe7 17. Ka2 Rfb8 18. Bf4 {aiming for Bd6.} Nxe4 19. fxe4 Rb6 20. Rh3 {[#]} h5 (20... c5 $1 $17 21. d5 exd5) 21. Bg5 $11 Qe8 22. Bc1 Rc8 23. f4 (23. Rc3 $1 $14 {stays ahead.}) 23... c5 $17 24. Rc3 Rbb8 {Precision: White = 48%, Black = 28%.} ({Black should play} 24... Bxd4 $17 25. Rxd4 Rxb3) 1/2-1/2

[Event "39th Citta Arco Open 2017"]
[Site "Arco"]
[Date "2017.10.13"]
[Round "7.5"]
[White "Almasi, Istvan"]
[Black "Lochte, Thomas"]
[Result "1/2-1/2"]
[WhiteElo "2421"]
[BlackElo "2139"]
[Annotator "TA"]
[PlyCount "91"]
[EventDate "2017.??.??"]
[EventType "swiss"]
[EventCountry "ITA"]
[SourceTitle "playchess.com"]
[Source "ChessBase"]
[SourceQuality "1"]

{[%evp 10,91,25,31,25,0,16,16,39,18,53,39,60,44,59,54,58,51,56,25,25,33,24,25,61,25,76,35,33,22,65,72,79,29,81,0,0,0,0,0,0,-20,-11,-47,-47,-47,-47,-47,-60,-55,-18,-14,-12,-20,0,0,0,0,0,0,0,0,0,0,0,8,41,0,0,0,0,0,0,0,0,0,0,0,0,0,0,0,0,0]} 1. d4 Nf6 2. Bf4 e6 3. e3 d5 4. Nd2 Bd6 5. Bg3 Bxg3 (5... b6 6. Ngf3 O-O 7. c3 Bb7 8. Bd3 Ne4 9. Qc2 f5 10. Bxd6 cxd6 11. O-O Nd7 12. c4 Ndf6 13. cxd5 Bxd5 14. Rac1 Qe8 {½-½ (57) Le,Q (2739)-Anand,V (2783) Saint Louis 2017}) 6. hxg3 {LiveBook: 4 Games. D00: 1 d4 d5: Unusual lines} c5 7. c3 cxd4 8. exd4 Nc6 9. Ngf3 Qe7 10. Ne5 $146 ({Predecessor:} 10. Bb5 O-O 11. Qe2 Bd7 12. Bd3 {1-0 (31) Szurovszky,E (2153)-Haasz,G (2048) Ajka 2005}) 10... Nxe5 11. dxe5 Nd7 12. Qa4 O-O 13. Bd3 (13. f4 {with more complications.} Qc5 14. Qd4 h6 15. Bd3 Qb6 16. O-O-O) 13... h6 14. Nf3 Nc5 15. Qd4 Nxd3+ 16. Qxd3 Bd7 17. g4 f6 (17... f5 $11 {remains equal.}) 18. exf6 Qxf6 19. O-O-O Be8 {[#]} 20. g5 $1 {[%mdl 512]} hxg5 21. Qh7+ Kf7 {[%cal Bg8f7,Bf7e7,Be7f6][%mdl 32]} 22. Rde1 ({Better is} 22. Rhe1 $16) 22... Ke7 $11 {And now ...Bg6 would win.} 23. Qd3 Rd8 24. Qe3 Bg6 25. Ne5 {[#] Threatens to win with Qc5+.} ({Reject} 25. Nxg5 Rd6 $17) 25... d4 $1 {[%cal Rd4e3]} 26. Qf3 Qxf3 27. Nxg6+ Kf6 28. gxf3 Kxg6 29. Rxe6+ Rf6 (29... Kf7 {is more complex.} 30. Rhe1 dxc3 31. bxc3 Rd3 32. R6e3 Rxe3 33. Rxe3 Rd8) 30. Rxf6+ gxf6 {[%mdl 4096] Endgame KR-KR} 31. Rd1 Rh8 32. cxd4 Rh2 33. Rd2 Rh3 34. Rd3 Rh2 35. Rd2 Rh3 36. Rd3 Rh2 37. d5 Kf5 38. Re3 Rh7 {The position is equal.} 39. Kd2 Rd7 40. Rd3 Ke5 41. Re3+ Kxd5 (41... Kd4 {looks sharper.} 42. Ra3 a6 43. Rd3+ Kc5 44. Rc3+ Kd6) 42. Rd3+ Ke6 {Hoping for ...Rxd3+.} 43. Rxd7 Kxd7 44. Ke3 Ke6 {aiming for ...Kf5.} 45. f4 {[%cal Bf3f4,Bf4g5][%mdl 32]} Kf5 {Strongly threatening ...g4.} 46. fxg5 {Precision: White = 56%, Black = 67%.} 1/2-1/2

[Event "39th Citta Arco Open 2017"]
[Site "Arco"]
[Date "2017.10.13"]
[Round "7.6"]
[White "Medancic, Rikard"]
[Black "Molnar, Bela"]
[Result "1/2-1/2"]
[WhiteElo "2225"]
[BlackElo "2290"]
[Annotator "TA"]
[PlyCount "119"]
[EventDate "2017.??.??"]
[EventType "swiss"]
[EventCountry "ITA"]
[SourceTitle "playchess.com"]
[Source "ChessBase"]
[SourceQuality "1"]

{[%evp 18,119,28,14,37,33,38,31,98,82,131,134,163,126,151,158,210,207,214,221,220,222,234,212,227,85,85,85,85,86,86,81,143,83,119,129,157,156,154,129,129,129,146,129,146,131,145,89,111,104,104,98,122,115,168,139,158,78,111,42,76,0,0,0,0,0,0,0,0,0,0,0,0,0,0,0,0,0,0,0,0,0,0,0,0,0,0,0,4,0,0,8,71,0,0,0,0,0,0,0,0,0,0,-75]} 1. d4 Nf6 2. c4 d6 3. Nf3 Nbd7 4. Nc3 g6 5. e4 Bg7 6. h3 e5 {E90: King's Indian: Classical: Early deviations and 6 h3} 7. d5 Nc5 8. Qc2 a5 9. Bg5 (9. Be3 O-O 10. g4 c6 11. Nd2 Bd7 12. O-O-O cxd5 13. exd5 a4 14. a3 {1-0 (54) Demuth,A (2545)-Bologan,V (2607) Berlin 2015}) 9... O-O 10. Be2 {LiveBook: 12 Games} h6 11. Be3 b6 12. g4 Kh8 $146 (12... h5 $14) ({Predecessor:} 12... Kh7 13. O-O-O Bd7 14. g5 Nh5 15. h4 f5 16. Rdg1 f4 17. Bd2 Rh8 18. Ne1 Rf8 19. Rh2 f3 20. Bxf3 Nf4 21. h5 Be8 22. hxg6+ Bxg6 23. gxh6 Bf6 24. Bxf4 exf4 25. Bh5 {1-0 (27) Aberg,L (2119)-Rilberg,S (2237) ICCF email 2013}) 13. O-O-O $16 a4 14. Rdg1 $1 a3 15. b3 Qe8 16. g5 Ng8 (16... hxg5 $16 17. Bxg5 Bd7) 17. gxh6 Bxh6 18. Ng5 f5 19. h4 f4 20. Bxc5 bxc5 21. Bg4 (21. Qd1 $18 {is more deadly.}) 21... Bxg4 22. Rxg4 Nf6 23. Rgg1 Bxg5 24. Rxg5 Nh7 (24... Rg8 $142) 25. Rgg1 (25. Nb5 $142) 25... f3 26. Nb5 Rc8 27. Nxa3 Rf4 28. Nb5 Nf6 29. Nc3 Kh7 30. Rh3 Qf7 31. Qd3 Nh5 32. Nd1 (32. a4 $142) 32... Rf8 33. Rg5 Qe7 {[#] aiming for ...Rxh4!} 34. Qe3 $1 Qd7 35. Rh1 R8f6 (35... Rg4 $16) 36. Qd3 Rg4 37. Nc3 (37. Ne3 $142 Rgf4 38. Nf5) 37... Rff4 38. Rxg4 ({White should play} 38. a4 $16) 38... Qxg4 $14 39. a4 ({Better is} 39. Qd1 $16) 39... Nf6 $11 40. a5 Qg2 41. Qf1 $1 {Threatens to win with a6.} Nxe4 42. Nxe4 Rxe4 43. Qxg2 fxg2 {[%mdl 4096] Endgame KR-KR} 44. Rg1 Re2 45. Rxg2 {Strongly threatening Kb1.} Ra2 46. Kb1 Rxa5 47. f4 exf4 {And now ...Ra8 would win.} 48. Rf2 Ra8 {...Rf8 is the strong threat.} 49. Rxf4 Kg7 50. Kb2 Rf8 51. Re4 Rf2+ 52. Ka3 Kf6 53. b4 Kf5 54. Re7 {Hoping for Rf7+.} Rf4 {[#]} 55. bxc5 (55. Kb3 $1 $16) 55... Rxc4 {The position is equal.} 56. cxd6 cxd6 57. Re6 Rxh4 58. Rxd6 Rd4 {White should prevent ...g5.} 59. Kb3 g5 60. Kc3 {Precision: White = 61%, Black = 58%.} (60. Rd8 $11) 1/2-1/2

[Event "39th Citta Arco Open 2017"]
[Site "Arco"]
[Date "2017.10.13"]
[Round "7.7"]
[White "Panjkovic, Aleksandar"]
[Black "Bruno, Fabio"]
[Result "0-1"]
[WhiteElo "2130"]
[BlackElo "2449"]
[Annotator "TA"]
[PlyCount "74"]
[EventDate "2017.??.??"]
[EventType "swiss"]
[EventCountry "ITA"]
[SourceTitle "playchess.com"]
[Source "ChessBase"]
[SourceQuality "1"]

{[%evp 17,74,7,0,-47,-38,-30,-29,-73,-85,-91,-70,-87,-76,-76,-89,-84,-56,-50,-25,-94,-97,-86,-75,-196,-207,-207,-207,-203,-192,-238,-234,-250,-178,-208,-208,-302,-280,-350,-314,-410,-414,-390,-354,-606,-605,-585,-575,-552,-506,-460,-429,-2970,-2082,-29980,-29980,-29981,-29982,-12841,-12838]} 1. c4 c5 2. g3 Nc6 3. Nc3 g6 4. Bg2 Bg7 5. e4 a6 6. Nge2 Rb8 7. a4 {A36: Symmetrical English vs ...g6: 4 Bg2 Bg7} e6 8. d3 Nge7 9. O-O O-O {LiveBook: 12 Games} 10. f4 (10. Bf4 d6 11. Qd2 e5 12. Bh6 f6 13. Bxg7 Kxg7 14. f4 Qa5 {½-½ (42) Petran,P (2352)-Arkell,K (2509) Eretria 2015}) 10... d6 11. Rb1 b6 $146 ({Predecessor:} 11... Nd4 12. Nxd4 Bxd4+ 13. Kh1 Bg7 14. Be3 Nc6 15. e5 Nd4 16. Ne4 dxe5 17. Nxc5 Nf5 {1-0 (56) Shaw,R (1802)-Amato,G (2009) London 2013}) 12. Be3 d5 {Threatens to win with ...d4.} 13. cxd5 exd5 14. Nxd5 Nxd5 15. exd5 Nb4 16. Nc3 Re8 17. Bf2 Bb7 {[%cal Rb4d5]} 18. a5 (18. d4 $11 {keeps the balance.}) 18... Nxd5 $17 19. Nxd5 Bxd5 20. b4 (20. Bxd5 $17 {might work better.} Qxd5 21. axb6) 20... cxb4 $19 ({Don't play} 20... bxa5 21. Bxd5 Qxd5 22. bxc5 $17) 21. Bxd5 Qxd5 22. Rxb4 b5 {[%cal Bb6b5,Bb5b4][%mdl 32]} ({Much less strong is} 22... Qxa5 23. Ra4 $17) 23. Qb3 Qf5 24. Qb1 h5 25. Re4 Bc3 26. Bb6 (26. Rxe8+ $142 Rxe8 27. d4) 26... b4 27. Rf3 Re6 28. Rfe3 Rbe8 29. Qc2 Qd5 30. Rxe6 $2 {[#]} (30. h4) 30... Rxe6 31. Rxe6 Qxe6 ({Weaker is} 31... fxe6 32. d4 $17) 32. Kf2 Qe1+ 33. Kf3 Qf1+ 34. Bf2 (34. Ke4 $142 h4 35. Ke3) 34... Bd4 35. h4 Bxf2 36. Qxf2 Qxf2+ 37. Kxf2 b3 {Precision: White = 25%, Black = 76%.} 0-1

[Event "39th Citta Arco Open 2017"]
[Site "Arco"]
[Date "2017.10.13"]
[Round "7.8"]
[White "Vezzosi, Paolo"]
[Black "Valenti, Giuseppe"]
[Result "1/2-1/2"]
[WhiteElo "2299"]
[BlackElo "2149"]
[Annotator "NA"]
[PlyCount "83"]
[EventDate "2017.??.??"]
[EventType "swiss"]
[EventCountry "ITA"]
[SourceTitle "playchess.com"]
[Source "ChessBase"]
[SourceQuality "1"]
[TimeControl "40/5400+30:1800+30"]

1. c4 {[%emt 0:00:30]} e6 {[%emt 0:02:00]} 2. g3 {[%emt 0:00:30]} Nf6 {[%emt 0:00:30]} 3. Bg2 {[%emt 0:00:30]} d5 {[%emt 0:00:30]} 4. Nf3 {[%emt 0:00:00]} Be7 {[%emt 0:00:30]} 5. O-O {[%emt 0:00:00]} O-O {[%emt 0:00:00]} 6. d4 {[%emt 0:02:30]} c5 {[%emt 0:05:00]} 7. cxd5 {[%emt 0:00:30]} exd5 {[%emt 0:00:30]} 8. Nc3 {[%emt 0:04:30]} h6 {[%emt 0:06:30]} 9. dxc5 {[%emt 0:06:30]} Bxc5 {[%emt 0:03:30]} 10. Bf4 {[%emt 0:00:30]} Nc6 {[%emt 0:03:30]} 11. Rc1 {[%emt 0:01:30]} Be6 {[%emt 0:05:30]} 12. Na4 {[%emt 0:06:30] D33: Tarrasch Defence: 6 g3 sidelines} (12. Ne5 Rc8 13. Na4 Bb6 14. Nxb6 Qxb6 15. Nxc6 bxc6 16. Bd6 Rfe8 17. Qc2 Ne4 18. Bxe4 {½-½ (18) Mihic,B (2413)-Dezelin,M (2308) Valjevo 2010}) 12... Bd6 {[%emt 0:12:30]} 13. Bxd6 {[%emt 0:02:30]} Qxd6 {[%emt 0:00:00]} 14. Nc5 $146 {[%emt 0:00:30]} ({Predecessor:} 14. Nd4 Nxd4 15. Qxd4 Qe7 16. Nc3 Qd7 17. Rfd1 Rfd8 18. a3 b6 19. e4 dxe4 20. Qxd7 Rxd7 21. Rxd7 Bxd7 22. Nxe4 Nxe4 23. Bxe4 {½-½ (34) Slavinsky,R (2075)-Susen,J (1789) Valasska Bystrice 2016}) 14... Bc8 {[%emt 0:07:00]} 15. Nd4 {[%emt 0:08:30]} Ne5 {[%emt 0:05:30]} 16. Nd3 {[%emt 0:04:30]} Bd7 {[%emt 0:09:30]} 17. Nxe5 {[%emt 0:01:30]} Qxe5 {[%emt 0:00:30]} 18. e3 {[%emt 0:00:30]} Rac8 {[%emt 0:01:30]} 19. Qb3 {[%emt 0:03:30]} b6 {[%emt 0:02:30]} 20. h3 {[%emt 0:03:30]} Rfd8 {[%emt 0:05:30]} 21. Qa3 {[%emt 0:03:30]} Qb8 {[%emt 0:03:30]} 22. Qd3 {[%emt 0:07:30]} Rc5 {[%emt 0:01:30]} 23. b4 {[%emt 0:00:00]} Rcc8 {[%emt 0:03:30]} 24. g4 {[%emt 0:13:00]} Qd6 {[%emt 0:01:30]} 25. a3 {[%emt 0:01:30]} a5 {[%emt 0:02:09]} 26. bxa5 {[%emt 0:03:30]} bxa5 {[%emt 0:00:02]} 27. Rfd1 {[%emt 0:05:30]} Rc5 {[%emt 0:00:21]} 28. Rxc5 {[%emt 0:00:30]} Qxc5 {[%emt 0:00:02]} 29. Ne2 {[%emt 0:02:02]} Bb5 {[%emt 0:01:46]} 30. Qc3 {[%emt 0:00:25]} Rc8 {[%emt 0:00:54]} 31. Rc1 {[%emt 0:02:18]} Qxc3 {[%emt 0:03:29]} 32. Rxc3 {[%emt 0:00:11]} Bc4 {[%emt 0:00:57]} 33. Nd4 {[%emt 0:02:16]} g6 {[%emt 0:00:48]} 34. f4 {[%emt 0:01:23]} Rb8 {[%emt 0:01:50]} 35. Kh2 {[%emt 0:04:54]} Rb2 {[%emt 0:00:56]} 36. Kg3 {[%emt 0:02:49]} Nd7 {[%emt 0:05:33]} 37. Nc6 {[%emt 0:02:11]} Rb5 {[%emt 0:01:38]} 38. e4 {[%emt 0:02:08]} Nb6 {[%emt 0:01:58]} 39. exd5 {[%emt 0:03:38]} Bxd5 {[%emt 0:00:14]} 40. Ne7+ {[%emt 0:01:07]} Kg7 {[%emt 0:01:23]} 41. Nxd5 {[%emt 0:04:08]} Nxd5 {[%emt 0:00:00]} 42. Bxd5 $11 {[%emt 0:00:30]} 1/2-1/2

[Event "39th Citta Arco Open 2017"]
[Site "Arco"]
[Date "2017.10.13"]
[Round "7.9"]
[White "Ruecker, Benjamin"]
[Black "Pedersen, Henrik Bolding"]
[Result "1-0"]
[WhiteElo "2261"]
[BlackElo "2125"]
[Annotator "NA"]
[PlyCount "51"]
[EventDate "2017.??.??"]
[EventType "swiss"]
[EventCountry "ITA"]
[SourceTitle "playchess.com"]
[Source "ChessBase"]
[SourceQuality "1"]
[TimeControl "40/5400+30:1800+30"]

1. c4 e6 2. Nc3 d5 3. e3 Nf6 4. Nf3 Bd6 5. b3 Nbd7 6. Bb2 c6 7. Qc2 Qe7 8. Be2 O-O 9. O-O Re8 10. Rfe1 e5 11. cxd5 Nxd5 12. Ne4 Ba3 13. Neg5 g6 14. Bxa3 Qxa3 15. d3 Qe7 16. Ne4 N7f6 17. Ned2 Nb4 18. Qb2 Bf5 19. e4 Bg4 20. a3 Na6 21. d4 exd4 22. Bxa6 bxa6 23. Nxd4 c5 24. Nc6 Qd6 25. Na5 Qe7 26. Rac1 1-0

[Event "39th Citta Arco Open 2017"]
[Site "Arco"]
[Date "2017.10.13"]
[Round "7.10"]
[White "Ager, Josef"]
[Black "Passerotti, Pierluigi"]
[Result "1/2-1/2"]
[WhiteElo "2109"]
[BlackElo "2210"]
[Annotator "NA"]
[PlyCount "63"]
[EventDate "2017.??.??"]
[EventType "swiss"]
[EventCountry "ITA"]
[SourceTitle "playchess.com"]
[Source "ChessBase"]
[SourceQuality "1"]
[TimeControl "40/5400+30:1800+30"]

1. Nf3 {[%emt 0:00:30]} d6 {[%emt 0:13:00]} 2. d4 {[%emt 0:01:30]} Bg4 {[%emt 0:00:00]} 3. e3 {[%emt 0:01:30]} Nd7 {[%emt 0:02:00]} 4. Be2 {[%emt 0:00:30]} Ngf6 {[%emt 0:05:30]} 5. h3 {[%emt 0:01:30]} Bh5 {[%emt 0:00:00]} 6. c4 {[%emt 0:00:30]} e5 {[%emt 0:04:00]} 7. Nc3 {[%emt 0:02:30]} c6 {[%emt 0:00:30]} 8. b3 {[%emt 0:03:30]} Be7 {[%emt 0:07:30]} 9. Bb2 {[%emt 0:01:30]} Qc7 {[%emt 0:01:30]} 10. Rc1 {[%emt 0:04:30]} Rd8 {[%emt 0:03:30]} 11. d5 {[%emt 0:01:30]} Nc5 {[%emt 0:15:30]} 12. b4 $11 {[%emt 0:00:30]} Nce4 {[%emt 0:02:30]} 13. Nxe4 {[%emt 0:11:30]} Nxe4 {[%emt 0:00:30]} 14. Qc2 {[%emt 0:00:30]} Bg6 {[%emt 0:11:30]} 15. Bd3 {[%emt 0:04:30]} cxd5 {[%emt 0:00:30]} 16. cxd5 {[%emt 0:00:00]} Qxc2 {[%emt 0:05:30]} 17. Bxc2 {[%emt 0:00:00]} a6 {[%emt 0:11:49]} 18. Nd2 {[%emt 0:01:30]} Nxd2 {[%emt 0:04:18]} 19. Kxd2 {[%emt 0:00:30]} Kd7 {[%emt 0:00:10]} 20. f4 {[%emt 0:05:30]} exf4 {[%emt 0:00:23]} 21. exf4 {[%emt 0:00:30]} Bxc2 {[%emt 0:03:23]} 22. Rxc2 {[%emt 0:00:00]} Rc8 {[%emt 0:01:16]} 23. g4 {[%emt 0:02:00]} Rxc2+ {[%emt 0:01:41]} 24. Kxc2 {[%emt 0:00:30]} Rc8+ {[%emt 0:01:14]} 25. Kd3 {[%emt 0:00:00]} g6 {[%emt 0:00:17]} 26. g5 {[%emt 0:02:00]} Rf8 {[%emt 0:02:23]} 27. h4 {[%emt 0:01:30]} f6 {[%emt 0:00:10]} 28. Ke4 {[%emt 0:00:00]} Re8 {[%emt 0:01:55]} 29. Kf3 {[%emt 0:01:00]} Rf8 {[%emt 0:00:35]} 30. Ke4 {[%emt 0:02:30]} Re8 {[%emt 0:00:39]} 31. Kd3 {[%emt 0:01:30]} Rf8 {[%emt 0:00:11]} 32. Ke4 {[%emt 0:01:30]} 1/2-1/2

[Event "39th Citta Arco Open 2017"]
[Site "Arco"]
[Date "2017.10.13"]
[Round "7.11"]
[White "Molina, Fabrizio"]
[Black "Vezzani, Stefano"]
[Result "1/2-1/2"]
[WhiteElo "2208"]
[BlackElo "2121"]
[Annotator "NA"]
[PlyCount "54"]
[EventDate "2017.??.??"]
[EventType "swiss"]
[EventCountry "ITA"]
[SourceTitle "playchess.com"]
[Source "ChessBase"]
[SourceQuality "1"]
[TimeControl "40/5400+30:1800+30"]

1. Nf3 {[%emt 0:00:30]} g6 {[%emt 0:01:00]} 2. c4 {[%emt 0:00:30]} Bg7 {[%emt 0:00:00]} 3. Nc3 {[%emt 0:01:30]} d6 {[%emt 0:01:00]} 4. g3 {[%emt 0:01:30]} e5 {[%emt 0:01:30]} 5. Bg2 {[%emt 0:00:30]} Nc6 {[%emt 0:00:30]} 6. d3 {[%emt 0:00:30]} Nge7 {[%emt 0:00:30]} 7. O-O {[%emt 0:00:30]} Rb8 {[%emt 0:00:00]} 8. Rb1 {[%emt 0:03:30]} a6 {[%emt 0:00:00]} 9. b4 {[%emt 0:04:30]} O-O {[%emt 0:02:30]} 10. Ne1 {[%emt 0:23:30]} b5 {[%emt 0:05:30]} 11. Nd5 {[%emt 0:08:30]} Nxd5 {[%emt 0:09:30]} 12. cxd5 {[%emt 0:00:30]} Ne7 {[%emt 0:00:30]} 13. d4 $11 {[%emt 0:08:30]} Bb7 {[%emt 0:06:30]} 14. dxe5 {[%emt 0:02:30]} dxe5 {[%emt 0:01:30]} 15. e4 {[%emt 0:00:30]} c6 {[%emt 0:02:30]} 16. d6 {[%emt 0:07:30]} Nc8 {[%emt 0:01:30]} 17. Be3 {[%emt 0:00:30]} Qxd6 {[%emt 0:14:30]} 18. Bc5 {[%emt 0:03:30]} Qxd1 {[%emt 0:02:30]} 19. Rxd1 {[%emt 0:00:00]} Re8 {[%emt 0:00:30]} 20. Rd7 {[%emt 0:02:00]} Ba8 {[%emt 0:02:30]} 21. f4 {[%emt 0:06:30]} Rb7 {[%emt 0:00:30]} 22. Rd1 {[%emt 0:03:30]} Nb6 {[%emt 0:01:30]} 23. Bxb6 {[%emt 0:02:01]} Rxb6 {[%emt 0:00:30]} 24. Nd3 {[%emt 0:00:06]} exf4 {[%emt 0:09:30]} 25. gxf4 {[%emt 0:00:02]} Bd4+ {[%emt 0:00:00]} 26. Kh1 {[%emt 0:00:02]} Rbb8 {[%emt 0:01:00]} 27. e5 {[%emt 0:10:10]} a5 {[%emt 0:03:30]} 1/2-1/2

[Event "39th Citta Arco Open 2017"]
[Site "Arco"]
[Date "2017.10.13"]
[Round "7.12"]
[White "Huemmer, Bernd"]
[Black "Trauth, Michael"]
[Result "1/2-1/2"]
[WhiteElo "2169"]
[BlackElo "2112"]
[Annotator "NA"]
[PlyCount "65"]
[EventDate "2017.??.??"]
[EventType "swiss"]
[EventCountry "ITA"]
[SourceTitle "playchess.com"]
[Source "ChessBase"]
[SourceQuality "1"]
[TimeControl "40/5400+30:1800+30"]

1. c4 {[%emt 0:00:30]} c5 {[%emt 0:09:00]} 2. Nc3 {[%emt 0:00:30]} g6 {[%emt 0:00:30]} 3. Nf3 {[%emt 0:01:30]} Nf6 {[%emt 0:00:30]} 4. d4 {[%emt 0:00:00]} cxd4 {[%emt 0:00:30]} 5. Nxd4 {[%emt 0:00:00]} Nc6 {[%emt 0:00:30]} 6. g3 {[%emt 0:00:30]} Bg7 {[%emt 0:00:30]} 7. Bg2 {[%emt 0:00:00]} O-O {[%emt 0:00:30]} 8. O-O {[%emt 0:00:00]} d6 {[%emt 0:00:30]} 9. Nc2 {[%emt 0:03:30]} Be6 {[%emt 0:05:30]} 10. b3 {[%emt 0:05:30]} Qd7 {[%emt 0:02:30]} 11. Bb2 {[%emt 0:16:30]} Bh3 {[%emt 0:04:30]} 12. Ne3 {[%emt 0:02:30]} Bxg2 {[%emt 0:06:30]} 13. Kxg2 {[%emt 0:03:30]} Rfd8 {[%emt 0:00:30]} 14. Qd2 {[%emt 0:02:30]} e6 {[%emt 0:04:30]} 15. Rad1 {[%emt 0:01:30]} a6 {[%emt 0:09:30]} 16. Ba3 {[%emt 0:08:30]} Ne8 {[%emt 0:12:30]} 17. Ne4 {[%emt 0:12:30]} Nd4 {[%emt 0:07:30]} 18. Bb2 {[%emt 0:03:30]} f5 {[%emt 0:13:51]} 19. Bxd4 {[%emt 0:02:30]} fxe4 {[%emt 0:00:15]} 20. Bxg7 {[%emt 0:00:30]} Qxg7 {[%emt 0:00:48]} 21. Qd4 {[%emt 0:01:30]} Nf6 {[%emt 0:01:14]} 22. Qb6 {[%emt 0:02:30]} Qe7 {[%emt 0:00:51]} 23. Rd2 {[%emt 0:01:30]} Rd7 {[%emt 0:01:42]} 24. Rfd1 {[%emt 0:00:30]} Rad8 {[%emt 0:00:19]} 25. Qd4 {[%emt 0:02:30]} d5 {[%emt 0:02:26]} 26. Qe5 {[%emt 0:02:30]} Kf7 {[%emt 0:00:32]} 27. f3 {[%emt 0:04:30]} exf3+ {[%emt 0:02:07]} 28. exf3 {[%emt 0:00:00]} Qd6 {[%emt 0:00:51]} 29. Qxd6 {[%emt 0:02:00]} Rxd6 {[%emt 0:00:01]} 30. cxd5 {[%emt 0:00:30]} Nxd5 {[%emt 0:01:06]} 31. Nxd5 {[%emt 0:01:30]} Rxd5 {[%emt 0:00:54]} 32. Rxd5 {[%emt 0:00:30]} exd5 {[%emt 0:00:12]} 33. Kf2 {[%emt 0:01:17]} 1/2-1/2